000 00441nam a2200181Ia 4500
001 24326
005 20260414151035.0
008 260414t2011||||xx |||||||||||||| ||spa||
041 _aESP
082 _a345.3
_bG23
100 _aGarcía Cavero, Percy
_eAUT
245 0 _aLa prueba indiciaria en el proceso penal
_b
260 _c2011
300 _a157 páginas :
_c24 cm.
650 _aDER
654 _aCDE
942 _cLIB
_dJUS
_fJUS
_2ddc
_n
999 _c24326
_d24326